| 000 | 00426cam a2200169ua 4500 | ||
|---|---|---|---|
| 003 | OSt | ||
| 008 | 250602b |||||||| |||| 00| 0 eng d | ||
| 041 | _aeng | ||
| 082 |
_a624.171 _bMAR/ST |
||
| 100 |
_aMarshell, W.T . _97518 |
||
| 245 | _aStructures SI units / | ||
| 250 | _a2 / | ||
| 260 |
_aLondon : _bThe English Language book society , _c1984. |
||
| 300 | _a455 ; . | ||
| 700 | 1 |
_aNelson, H.M . _97519 |
|
| 942 | _cBK | ||
| 999 |
_c10207 _d10207 |
||